000 00469nam a22001817a 4500
003 CEME
005 20210628203605.0
008 210202b xxu||||| |||| 00| 0 eng d
020 _a969-35-1091-7
040 _c.
082 _a891.4397 BUT
100 _aDr.Muhammad Younis But, Butt, Muhammad Younus.Dr
_966424
245 _aShanakht parade
260 _aLAHORE
_bSANG-E-MEEL
_c2001
300 _a131P
650 _aURDU ADAB-TANZ-O-MAZAH
_91738
942 _cBK
_2ddc
999 _c574398
_d574398